000 01365nam a2200301 c 4500
999 _c188041
_d188041
003 BLK
005 20221130141902.0
008 180411b bul|||||r ||||||| ||bul||
010 _aKNG00197059000
040 _aBLK
041 _aBUL
_cBUL
080 _aИнженерна графика. Техническо чертане
_b62:744
_x(075.8)
_z62:744(075.8)
139 _aТехническо чертане
_bТ 53
245 1 0 _aТехническо чертане
_bПомагало за студентите от ВМЕИ - Варна
257 _aBGR
260 _aВарна
_bВМЕИ
_c1978 [1980]
300 _a256 с.
_bс черт., табл.
_c19 см
380 _a62
500 _aДруги авт. : Б. Слабаков, С. Сколуфанова, Р. Липчева, С. Йорданова, Н. Пенев, Я. Милев, Р. Стоянова, Р. Тинкова, Н. Ангелов, Н. Михов.- Библиогр. след някои гл.- Офс. изд.
650 4 _aТехническо чертане - учебници за ВУЗ
_9249317
653 _aтехническо чертане
653 _aучебници за ВУЗ
852 _aЦб 101266
856 4 _qpdf
_i0.00
_ldisable
856 4 _qpdf
_i0.00
_ldisable
942 _cKNG
_n0
_01
_s1
944 _aCR
_c30.11.2016
_kХристина_Везирева
944 _aED
_c30.11.2016
_kХристина_Везирева
999 _d188041